书目信息 |
| 题名: |
灯心草
|
|
| 作者: | 沈良 著 | |
| 分册: | ||
| 出版信息: | 长春 吉林教育出版社 2006.05 |
|
| 页数: | 348页 | |
| 开本: | 20cm | |
| 丛书名: | ||
| 单 册: | ||
| 中图分类: | I235.2 | |
| 科图分类: | ||
| 主题词: | 戏剧文学--剧本--中国 | |
| 电子资源: | ||
| ISBN: | 7-5383-3933-7 | |
| 000 | 00512nam0 2200193 450 | |
| 001 | 0834898076 | |
| 005 | 20080118103738.81 | |
| 010 | @a7-5383-3933-7@dCNY36.00 | |
| 100 | @a20080118d2006 km y0chiy0120 ea | |
| 101 | 0 | @achi |
| 102 | @aCN@b220000 | |
| 200 | 1 | @a灯心草@Adeng xin cao@f沈良著@Fshen liang zhu |
| 210 | @a长春@c吉林教育出版社@d2006.05 | |
| 215 | @a348页@d20cm | |
| 606 | 0 | @a戏剧文学@x剧本@x中国 |
| 690 | @aI235.2@v4 | |
| 701 | 0 | @a沈良@Ashen liang@4著 |
| 801 | 0 | @aCN@c20080118 |
| 905 | @dI235.2@eS402 | |
| 灯心草/沈良著.-长春:吉林教育出版社,2006.05 |
| 348页;20cm |
| ISBN 7-5383-3933-7:CNY36.00 |
| ● |
| 相关链接 |
|
|
|
正题名:灯心草
索取号:I235.2/S402
 
预约/预借
| 序号 | 登录号 | 条形码 | 馆藏地/架位号 | 状态 | 备注 |
| 1 | 469906 | 204699068 | 文学库108/108文学库 20排2列3层/ [索取号:I235.2/S402] | 在馆 | |
| 2 | 478006 | 204780068 | 文学库108/108文学库 20排2列3层/ [索取号:I235.2/S402] | 在馆 | |
| 3 | 478007 | 204780077 | 文学库108/108文学库 20排2列3层/ [索取号:I235.2/S402] | 在馆 | |
| 4 | 478008 | 204780086 | 文学库108/108文学库 20排2列3层/ [索取号:I235.2/S402] | 在馆 | |
| 5 | 478009 | 204780095 | 文学库108/400B社科库 24排3列4层/ [索取号:I235.2/S402] | 在馆 | |
| 6 | 478010 | 204780102 | 文学库108/400B社科库 24排3列4层/ [索取号:I235.2/S402] | 在馆 | |
| 7 | 478011 | 204780111 | 文学库108/108文学库 20排2列3层/ [索取号:I235.2/S402] | 在馆 | |
| 8 | 478012 | 204780120 | 文学库108/400B社科库 24排3列4层/ [索取号:I235.2/S402] | 在馆 | |
| 9 | 478013 | 204780139 | 文学库108/108文学库 20排1列1层/ [索取号:I235.2/S402] | 在馆 | |
| 10 | 478014 | 204780148 | 社科二线400B/400B社科库 13排3列3层/ [索取号:I235.2/S402] | 在馆 |